| 000 | 00788nam a22002537a 4500 | ||
|---|---|---|---|
| 005 | 20130410112524.0 | ||
| 008 | 130410b xxu||||| |||| 00| 0 eng d | ||
| 010 | _aENG-106821 | ||
| 020 |
_a9789380184526 _c800.00 |
||
| 035 | _aEN-90354 | ||
| 037 | _bDBAD/PUB | ||
| 040 |
_aDPL _bEng |
||
| 082 | _a954.04 | ||
| 100 | _aSharma, R. K. | ||
| 245 |
_aIndian politics after independence / _cby R.K. Sharma |
||
| 260 |
_aDelhi _bSwastik Publications _c2012 |
||
| 270 |
_a31, Gali No. 1, A-Block, Pocket-5, CRP Water Tank, Sonia Vihar _bDelhi _e110094 |
||
| 300 |
_avi,280p. _c22cm(Hb) |
||
| 500 | _aIncludes bibliographical references and index | ||
| 650 | _aEconomic policy | ||
| 650 | _a Political science | ||
| 651 | _aIndia | ||
| 942 |
_2ddc _cEN _h954.04 _mSHA |
||
| 999 |
_c74339 _d74339 |
||